[Event "XXVII RUS-chT Premier 2020"]
[Site "Sochi"]
[Date "2020.11.28"]
[Round "9.6"]
[White "Shimanov, Aleksandr"]
[Black "Kornev, Alexei"]
[Result "1-0"]
[WhiteElo "2593"]
[BlackElo "2515"]
[Annotator "TA"]
[PlyCount "63"]
[EventDate "2020.11.19"]
[EventType "team-tourn"]
[EventCountry "RUS"]
[SourceTitle "playchess.com"]
[Source "ChessBase"]
[SourceQuality "1"]

{[%evp 9,63,0,22,16,18,13,20,17,25,23,39,36,72,72,72,39,87,78,101,45,59,60,97,72,139,127,108,127,164,124,165,157,173,80,183,196,258,168,287,273,285,270,282,262,472,464,831,822,919,893,29974,29975,12838,11668,29997,29998]} 1. e4 c5 2. Nc3 a6 3. d4 cxd4 4. Qxd4 Nc6 5. Qe3 g6 6. Bd2 {B23: Closed Sicilian: Lines without g3.} Bg7 7. O-O-O d6 {[#]} 8. Nd5 $146 {The position is equal.} ({Predecessor:} 8. f4 Nf6 9. h3 O-O 10. g4 Bd7 11. g5 Nh5 12. Be2 Rc8 13. Bxh5 gxh5 14. Qf3 {0-1 (30) Schultz,B (1705)-Atnilov,B (2053) Prague 2019}) 8... Nf6 9. Bc3 O-O 10. Nxf6+ Bxf6 11. Bxf6 exf6 12. Bc4 Ne5 13. Bb3 a5 14. a3 (14. f4 $16 Nc6 15. a3) 14... Be6 $14 15. Ne2 a4 {White must now prevent ...Ng4.} 16. Bd5 Qc7 {[#]} (16... Bxd5 $142 17. Rxd5 Qc7) 17. Nc3 $1 $16 Rfc8 {and if ...Bxd5 works, Black does fine.} 18. f4 Nd7 19. Rd2 Ra5 20. Bxe6 fxe6 21. Rhd1 (21. Qd4 $18 {is more deadly.}) 21... Ra6 (21... Nb6 $16) 22. Kb1 $18 Qc6 (22... Qc5 {was called for.} 23. Qh3 f5) 23. Qd4 (23. Rxd6 $6 Qxd6 24. Rxd6 Rxd6 $16) 23... Nc5 (23... Qc4 {was necessary.} 24. g3 Qc5 25. Qxc5 (25. Nxa4 Qxd4 26. Rxd4 Rcc6 $16) 25... Nxc5 26. Rxd6 Rxd6 27. Rxd6 Kf7) 24. Qxf6 Rf8 {[#]} 25. Qd4 $1 ({Weaker is} 25. Qe7 Rf7 $16) 25... Rxf4 {[%cal Rc5e4]} 26. Qe3 ({Inferior is} 26. Qxd6 Qxd6 27. Rxd6 Rxd6 $11) 26... Rxe4 $2 (26... Rf8 {is a better defense.} 27. Rxd6 Qc7) 27. Nxe4 Nxe4 (27... Qxe4 $142 28. Qg5 Qf5 29. Qxf5 gxf5 30. Rxd6 Ra7) 28. Rd4 d5 {[#]} 29. Rxe4 $1 {[%mdl 512]} dxe4 30. Rd8+ Kg7 31. Qf4 {[%csl Gd8][%cal Rf4f8]} Qc5 32. Rd7+ {[%mdl 64] Double Attack.  Weighted Error Value: White=0.15/Black=0.94} 1-0

[Event "XXVII RUS-chT Premier 2020"]
[Site "Sochi"]
[Date "2020.11.28"]
[Round "9.7"]
[White "Triapishko, Alexandr"]
[Black "Lobanov, Sergei"]
[Result "1/2-1/2"]
[WhiteElo "2506"]
[BlackElo "2522"]
[Annotator "TA"]
[PlyCount "80"]
[EventDate "2020.11.19"]
[EventType "team-tourn"]
[EventCountry "RUS"]
[SourceTitle "playchess.com"]
[Source "ChessBase"]
[SourceQuality "1"]

{[%evp 9,80,10,38,35,37,43,29,34,32,41,29,31,54,35,72,72,89,78,94,42,55,-15,-16,-33,-31,-24,28,29,26,0,56,63,66,60,61,61,51,52,79,61,52,12,21,0,0,0,6,0,0,0,0,0,0,0,0,0,0,0,0,0,0,0,0,0,0,0,0,0,0,0,0,0,0]} 1. d4 Nf6 2. Bg5 Ne4 3. Bf4 d5 4. e3 c5 5. Bd3 Nc6 {[%cal Bb8c6,Bc6a5,Ba5c4][%mdl 32]} 6. Bxe4 {A45: Trompowsky Attack.} dxe4 7. d5 g5 8. Bxg5 {White has an edge.} Bg7 9. Nc3 {[#]} ({Avoid the trap} 9. dxc6 $2 Qxd1+ 10. Kxd1 Bxb2 $19) 9... Bxc3+ $146 ({Predecessor:} 9... Nb4 10. Nge2 Bg4 11. h3 Bxe2 12. Qxe2 Qa5 13. O-O Bxc3 14. bxc3 Nxd5 15. c4 Nc3 16. Qh5 Qb4 17. Bxe7 {1-0 (17) Bartel,M (2608)-Walkusz,W (2115) Suwalki 2017}) 10. bxc3 Na5 11. Bf4 Rg8 12. Qh5 h6 13. Ne2 Nc4 14. Qxh6 (14. h3 $16) 14... Qxd5 $14 {[#] And now ...Qd2+ would win.} 15. Rd1 ({White should try} 15. Qh7 $1 $14 Qd2+ 16. Kf1) 15... Qe6 $11 16. Qxe6 Bxe6 17. Ng3 f5 (17... b6 $142) 18. h4 Kf7 19. f3 exf3 ({Black should play} 19... Rxg3 $11 20. Bxg3 Nxe3) 20. gxf3 $14 b6 21. Kf2 Rad8 22. e4 fxe4 23. Nxe4 Bf5 24. Rxd8 Rxd8 25. Bc1 Nd6 {The position is equal.} 26. Ng5+ Kf6 27. h5 Bxc2 28. h6 Rh8 29. Re1 {Black should prevent Re6+.} Bf5 30. Ne4+ Bxe4 31. fxe4 $11 {[%mdl 4096] [#] Endgame e5+ is the strong threat. KRB-KRN} Nf7 32. Rh1 Kg6 {[%cal Rf7h6]} 33. Rg1+ Kf6 34. Rh1 Kg6 {[%cal Rf7h6]} 35. Rg1+ Kf6 36. Rh1 Kg6 {[%cal Rf7h6]} 37. Rg1+ Kf6 38. Rh1 Kg6 {[%cal Rf7h6]} 39. Rg1+ Kf6 40. Rh1 Kg6 {Weighted Error Value: White=0.09/Black=0.09} 1/2-1/2

[Event "XXVII RUS-chT Premier 2020"]
[Site "Sochi"]
[Date "2020.11.28"]
[Round "9.8"]
[White "Shubin, Kirill"]
[Black "Kardashevskiy, Evgeny"]
[Result "1/2-1/2"]
[WhiteElo "2441"]
[BlackElo "2436"]
[Annotator "TA"]
[PlyCount "63"]
[EventDate "2020.11.19"]
[EventType "team-tourn"]
[EventCountry "RUS"]
[SourceTitle "playchess.com"]
[Source "ChessBase"]
[SourceQuality "1"]

{[%evp 21,63,10,25,25,25,23,15,10,10,18,15,17,34,17,38,30,43,36,41,43,46,9,23,12,16,7,7,5,4,4,4,7,7,0,0,0,13,0,0,0,11,0,4,0]} 1. e4 e5 2. Nf3 Nf6 3. Nxe5 d6 4. Nf3 Nxe4 5. d4 d5 6. Bd3 Bd6 7. O-O O-O 8. c4 c6 9. Nc3 Nxc3 10. bxc3 dxc4 11. Bxc4 Bf5 12. Bg5 {C42: Petroff Defence: 3 Nxe5 and unusual White 3rd moves.} Qa5 13. d5 Be4 14. dxc6 Bxf3 15. Qxf3 Nxc6 {[#] Threatens to win with ...Ne5.} 16. Bd5 {[#]} Qc7 $146 ({Predecessor:} 16... Ne5 17. Qe4 Rae8 18. Rad1 b5 19. Bb3 Nc4 20. Qb7 Re6 21. Rd5 Rb8 22. Qd7 Qc7 23. Qxc7 Bxc7 {½-½ (36) Le,Q (2708)-Deac,B (2613) Douglas 2019}) 17. h3 Rac8 18. Rad1 b6 19. Rfe1 Ne5 20. Qf5 Ng6 21. c4 Bh2+ 22. Kh1 {[#] Strongly threatening g3.} Bf4 {The position is equal.} 23. Re4 {[%cal Rg5f4]} Bxg5 24. Qxg5 Rfe8 25. Rde1 Rxe4 26. Rxe4 Qd7 27. Qe3 Kf8 28. Qa3+ Kg8 29. Qe3 Kf8 30. Qa3+ Kg8 31. Qe3 Kf8 32. Qa3+ {Weighted Error Value: White=0.06/Black=0.04} 1/2-1/2

[Event "XXVII RUS-chT Premier 2020"]
[Site "Sochi"]
[Date "2020.11.28"]
[Round "9.9"]
[White "Truskavetsky, Alexandr"]
[Black "Pershin, Denis"]
[Result "0-1"]
[WhiteElo "2399"]
[BlackElo "2387"]
[Annotator "TA"]
[PlyCount "80"]
[EventDate "2020.11.19"]
[EventType "team-tourn"]
[EventCountry "RUS"]
[SourceTitle "playchess.com"]
[Source "ChessBase"]
[SourceQuality "1"]

{[%evp 20,80,17,12,30,25,25,16,42,14,37,39,44,31,50,45,28,0,0,0,0,0,0,0,0,0,0,0,0,0,0,0,0,0,0,-59,-71,-393,-389,-504,-529,-506,108,0,115,-1933,-1765,-1555,0,-179,-181,-643,-643,-628,-614,-661,-644,-650,-650,-817,-804,-820,-779]} 1. d4 Nf6 2. Nf3 d5 3. g3 g6 4. Bg2 Bg7 5. O-O O-O 6. c4 c6 7. b3 dxc4 8. bxc4 c5 9. Bb2 Qb6 10. Qc1 cxd4 11. Nxd4 Nc6 {A49: 1 d4 Nf6 2 Nf3 g6 3 g3: Anti-King's Indian systems.} 12. Nxc6 bxc6 13. Nd2 Be6 {[#] The position is equal.} 14. Bc3 $146 ({Predecessor:} 14. Qc2 Rab8 15. Be5 Rbd8 16. Nb3 c5 17. h3 Nd7 18. Bxg7 Kxg7 19. f4 Nf6 20. e4 {0-1 (43) Hou,Y (2680)-Villanueva,M (2466) chess.com INT 2018}) 14... Qc5 15. Rb1 Rab8 16. Rb3 Nd7 17. Bxg7 Kxg7 18. Qb2+ Kg8 19. Rc1 a5 20. Ne4 Rxb3 21. axb3 Qb4 22. Ng5 Nc5 23. Nxe6 fxe6 24. Qe5 Rf5 25. Qc7 Nxb3 26. Rd1 $1 a4 27. Bh3 (27. Bxc6 a3 $17) ({Better is} 27. Qxc6 $11 Rf6 28. Bf3) 27... Rf6 $15 28. Qc8+ $2 {[%mdl 8192]} (28. Kg2 $17 {is a better chance.} a3 29. Qa7) 28... Kg7 $19 29. Bxe6 {[#]} Qc5 $1 {[%mdl 512]} 30. e3 {Strongly threatening Qg8+.} a3 $2 (30... Qe5 $1 $19 31. Qg8+ Kh6) 31. Qg8+ $16 Kh6 32. h4 $2 {[%mdl 8192]} (32. g4 $16 Qe5 33. h4 Qxe6 34. g5+ {[%mdl 64] Double Attack} Kh5 35. Qxh7+ Kg4 36. gxf6 Qxf6 37. h5 gxh5 38. Qc2) 32... Qh5 $1 $19 {[%cal Rh5d1]} ({Avoid the trap} 32... a2 $2 33. g4 $18) 33. Rf1 g5 $2 ({Black should play} 33... Nd2 $19 {( -> ...Qe2!)} 34. Qd8 Nxf1) 34. f4 $2 {[#]} ({Much weaker is} 34. Bf7 Rxf7 35. hxg5+ Qxg5 $17) (34. g4 $11 Qxh4 35. Bf5 Rxf5 36. gxf5) 34... gxf4 $1 35. exf4 $2 (35. g4 Qg6 36. Qd8) 35... Qg6 {Black is clearly winning.} 36. g4 {[#] Black must now prevent Qd8.} Qxg8 $1 ({Don't blunder} 36... Rxe6 $2 37. Qf8+ Qg7 38. g5+ Kh5 39. Qxg7 $18) 37. g5+ Kh5 38. Bxg8 Rf8 39. Bxh7 a2 40. g6 Kh6 {Weighted Error Value: White=0.70/Black=0.36} 0-1

[Event "XXVII RUS-chT Premier 2020"]
[Site "Sochi"]
[Date "2020.11.28"]
[Round "9.10"]
[White "Timerkhanov, Alexander"]
[Black "Alexeev, Alexey"]
[Result "1-0"]
[WhiteElo "2379"]
[BlackElo "2246"]
[Annotator "TA"]
[PlyCount "69"]
[EventDate "2020.11.19"]
[EventType "team-tourn"]
[EventCountry "RUS"]
[SourceTitle "playchess.com"]
[Source "ChessBase"]
[SourceQuality "1"]

{[%evp 9,69,-1,8,14,14,8,8,12,25,0,0,0,0,-19,6,-27,-31,-31,-13,-54,1,-26,0,-60,-25,-41,11,-33,-8,-34,69,97,93,39,21,-7,75,75,112,107,135,108,162,100,360,345,339,338,323,323,322,327,308,301,308,294,540,528,784,785,752,739]} 1. d4 d5 2. Bf4 Nf6 3. e3 c5 4. c3 Nc6 5. Nd2 cxd4 6. exd4 {D00: 1 d4 d5: Unusual lines.} Bf5 7. Qb3 Qc8 8. Ngf3 {The position is equal.} e6 9. Be2 Be7 10. h3 h6 11. Ne5 a6 {[#]} 12. g4 $146 ({Predecessor:} 12. Ng4 Ne4 13. Nxe4 Bxe4 14. Ne3 Qd7 15. Qd1 Rc8 16. Bd3 Bxd3 17. Qxd3 {1-0 (30) Myall,I (1971)-Cove,H (1832) London 2019}) 12... Bh7 13. h4 Nd7 14. Nef3 b5 ({Black should play} 14... Bd8 $15) 15. Qd1 Qb7 16. Rg1 (16. g5 $11) 16... b4 17. c4 Be4 (17... O-O $15) 18. Be3 Rd8 19. g5 e5 (19... hxg5 $15 20. hxg5 e5) 20. gxh6 $14 gxh6 21. cxd5 (21. dxe5 $16 {e6! is the strong threat.} Nc5 22. cxd5 (22. Nxe4 dxe4 23. Nd2 Nxe5 $11) 22... Bxd5 23. Kf1) 21... Bxd5 22. Qa4 exd4 (22... e4 $11 23. Nh2 Ra8) 23. Nxd4 $16 Nc5 24. Qc2 Ne4 {[#]} 25. Nxc6 $1 Bxc6 26. Rc1 b3 $2 {[%mdl 8192] Loses the game.} (26... Rd6 $16) 27. Qxc6+ $18 Qxc6 28. Rxc6 Bb4 {[%cal Re4d2]} 29. a3 ({But not} 29. Rxh6 $2 Rxh6 30. axb3 (30. Bxh6 $2 bxa2 31. Bb5+ axb5 $19) (30. Rg8+ $2 Ke7 $19) 30... Rxh4 $19) (29. axb3 Nxd2 30. Rg2 (30. Bxh6 Nf3+ {[%mdl 64] Discovered Attack (Double check)} 31. Kf1 Nxg1 $11) 30... Nc4+ 31. Kf1 Nxe3+ 32. fxe3 a5 $16) (29. Bxa6 Bxd2+ 30. Ke2 (30. Bxd2 bxa2 31. Bb5 Rxd2 $11) 30... Bxe3 $16) 29... Bxd2+ 30. Bxd2 Nxd2 31. Rg3 ({Don't take} 31. Rxa6 Ne4 $18) 31... Ne4 32. Re3 ({Don't do} 32. Rxb3 Rg8 $18) 32... Kd7 $2 {[#]} (32... f5 33. f3 {[%mdl 64] Pin} Kd7) 33. Rxa6 {White is clearly winning.} Nc5 34. Bb5+ Kc8 35. Rc6+ {Weighted Error Value: White=0.17/Black=0.51} 1-0

[Event "XXVII RUS-chT Premier 2020"]
[Site "Sochi"]
[Date "2020.11.28"]
[Round "9.11"]
[White "Linker, Mikhail"]
[Black "Askerov, Marat"]
[Result "1-0"]
[WhiteElo "2269"]
[BlackElo "2338"]
[Annotator "TA"]
[PlyCount "129"]
[EventDate "2020.11.19"]
[EventType "team-tourn"]
[EventCountry "RUS"]
[SourceTitle "playchess.com"]
[Source "ChessBase"]
[SourceQuality "1"]

{[%evp 11,129,10,26,-10,14,0,0,0,0,-2,0,-6,0,-10,-8,-28,-23,-50,-7,-68,-69,-81,-59,-60,-22,-36,-37,-42,-36,-37,-50,-48,-59,-52,-18,-21,-21,-28,-16,-14,0,-15,0,-12,0,-28,-18,-68,-51,-33,-22,-64,-56,-48,-48,-65,-24,-68,0,0,106,5,181,0,0,-19,8,0,3,9,13,14,34,4,4,4,18,6,60,0,0,0,0,0,0,0,0,0,734,680,666,644,2498,2518,29996,2431,1889,2324,1639,1609,1544,1584,1453,1291,1005,893,1889,1030,29983,29984,29983,29983,29991,29992,29992,29993,29994,29993,29993,29992]} 1. Nf3 Nf6 2. c4 c5 3. g3 b6 4. Bg2 Bb7 5. Nc3 g6 6. O-O Bg7 7. b3 {A30: Symmetrical English: Double Fianchetto and Hedgehog.} Ne4 8. Qc2 Nxc3 9. dxc3 {The position is equal.} d6 {[#]} 10. e4 $146 ({Predecessor:} 10. Bg5 Nd7 11. Rfe1 Qc7 12. Rad1 h6 13. Bc1 Ne5 14. Nh4 Bxg2 15. Nxg2 Qc6 16. Bf4 {1-0 (50) Medak,B (2397)-Bilobrk,F (2393) Bol 2013}) 10... Nd7 11. Re1 O-O 12. Bd2 Qc7 13. Rad1 Bc6 14. Nh4 Qb7 15. h3 ({White should try} 15. Qc1 $11) 15... a6 $15 16. a4 Rfb8 17. b4 {aiming for b5.} Qc7 18. b5 Bb7 19. f4 Ra7 20. Bf3 Rba8 21. Bc1 axb5 22. axb5 Ra4 23. Qd3 Nf8 24. Ng2 h5 25. Ne3 Qd7 26. Bg2 R8a7 27. Re2 Ra1 28. Kh2 Qd8 29. Nd5 e6 30. Ne3 h4 31. Ng4 f5 32. exf5 gxf5 33. Bxb7 $1 Rxb7 34. Ne5 Qc7 ({Black should play} 34... Bh6 $1 $15 35. Rg2 Rg7) 35. Nc6 $11 {Threatens to win with Rg1.} Bf6 {[#]} (35... hxg3+ $11 {keeps the balance.} 36. Qxg3 Qf7) 36. Rg2 (36. g4 $1 $16) 36... Qf7 $2 {[#]} (36... Qh7 $1 $11 {and Black stays safe.}) 37. gxh4+ $2 ({Not} 37. Qxd6 $2 Rd7 $19) (37. g4 $1 $18 {[%cal Rg4f5]} fxg4 38. Rxg4+ Kh8 39. Qxd6) 37... Kh7 38. h5 Rd7 39. Qg3 Qg7 40. Qf3 Qh6 41. Rdg1 Rg7 42. Rxg7+ Bxg7 43. Ne7 Ra2+ 44. Kh1 Rc2 (44... Qf6 $11 45. Nc8 Qxc3 46. Qxc3 Bxc3) 45. Ng6 ({Better is} 45. Nc8 $14) 45... Nd7 $1 {[%cal Rd7f6] next ...Nf6 is good for Black.} 46. Be3 $36 {[%mdl 2048] White fights for an advantage.} Rxc3 {...Nf6 is the strong threat.} 47. Rg5 Bf6 48. Rg3 {Hoping for Qc6.} Qg7 49. Qc6 Bh4 $2 {[%mdl 8192] Black is on the road to losing.} (49... Bd4 $11 50. Nf8+ Qxf8 51. Qxd7+ {[%mdl 64] Double Attack} Kh8 52. Qxe6 Bxe3 53. Rxe3 Rxe3 54. Qxe3 Qa8+ 55. Kh2 Qa2+ {[%mdl 64] Double Attack} 56. Kg3 Qxc4) 50. Nxh4 $18 {[%mdl 64] Discovered Attack} Qxg3 51. Qxd7+ {[%mdl 64] Double Attack} Kh6 52. Qxe6+ {[%mdl 64] Double Attack} Kxh5 53. Qxf5+ (53. Qf7+ $142 Qg6 54. Qxg6+ Kxh4 55. Bf2+ Kxh3 56. Qxf5#) 53... Kh6 54. Qf6+ {[%mdl 64] Double Attack} Kh7 55. Qxc3 Qxh3+ 56. Kg1 Qxh4 57. Qd3+ Kg7 58. Qe4 Qe1+ 59. Kh2 {Threatening mate with Bd4+!} Kf7 60. f5 {White mates.} Qe2+ 61. Kh3 Qf1+ 62. Kg4 Qe2+ 63. Kg5 Qb2 64. Qe6+ Kf8 65. Qf6+ {Weighted Error Value: White=0.22/Black=0.44} 1-0

[Event "XXVII RUS-chT Premier 2020"]
[Site "Sochi"]
[Date "2020.11.28"]
[Round "9.12"]
[White "Golikov, Daniil"]
[Black "Pervakov, Sergey"]
[Result "1-0"]
[WhiteElo "2230"]
[BlackElo "2067"]
[Annotator "TA"]
[PlyCount "83"]
[EventDate "2020.11.19"]
[EventType "team-tourn"]
[EventCountry "RUS"]
[SourceTitle "playchess.com"]
[Source "ChessBase"]
[SourceQuality "1"]

{[%evp 9,83,39,41,19,21,11,79,66,100,100,107,97,103,99,105,105,105,108,122,122,116,116,120,131,120,122,137,135,135,135,128,134,134,131,135,135,170,163,213,168,161,169,295,282,297,302,293,277,451,466,434,445,520,517,516,531,492,474,477,446,455,277,683,674,664,654,7200,6323,5800,1000,5202,5277,1884,772,701,684]} 1. d4 g6 2. c4 Bg7 3. Nc3 d6 4. e4 e5 5. d5 a5 6. Be2 {A42: Modern Defence: Averbakh Variation.} Na6 7. h4 h6 (7... f5 $11 {keeps the balance.}) 8. h5 $16 {White is better.} g5 9. g4 Nf6 {[#]} 10. Nh3 $146 ({Predecessor:} 10. Be3 c6 11. f3 O-O 12. Nh3 cxd5 13. cxd5 Nd7 14. Nf2 Ndc5 15. O-O Bd7 16. Qd2 {1-0 (118) Flores,D (2579)-Rodriguez Vila,A (2524) Mar del Plata 2009}) 10... Bd7 11. f3 Qb8 12. Be3 Nc5 13. Nf2 Bf8 14. O-O Be7 15. Nh1 O-O 16. Ng3 c6 17. Rb1 Bd8 18. Qd2 cxd5 19. cxd5 b5 20. b3 b4 {[#]} 21. Nd1 $1 {[%cal Bc3d1,Bd1b2,Bb2d3][%mdl 32]} Ne8 22. Nb2 Nc7 23. Kg2 Nb5 24. Bxb5 Qxb5 25. Rfc1 Ra6 (25... Rc8 {is a better defense.} 26. Rc2 Nb7 27. Rxc8 Bxc8) 26. Bxc5 $18 dxc5 27. Nd3 Be7 28. Nxe5 Bf6 $2 (28... Re8 29. Nxd7 Qxd7) 29. Nxd7 Qxd7 30. Rxc5 Bc3 31. Qd3 Qa7 32. Nf5 a4 {And now ...axb3 would win.} 33. Rc7 {[%mdl 64] [#] Deflection} Qxc7 34. Qxa6 {[%mdl 64] Double Attack} Qf4 35. Qxh6 {[%cal Rf5e7]} Qd2+ $2 (35... Re8 36. Rf1 Be5) 36. Kg1 {[%cal Rf5e7] White is clearly winning.} Re8 37. Rf1 Qxa2 38. Qxg5+ Kh8 39. Qh6+ Kg8 40. d6 {White wants to mate with d7.} Qd2 41. Qxd2 Bxd2 42. bxa4 {Black got outplayed after the opening.  Weighted Error Value: White=0.10/Black=0.34} 1-0

[Event "XXVII RUS-chT Premier 2020"]
[Site "Sochi"]
[Date "2020.11.28"]
[Round "9.13"]
[White "Malakhov, Vladimir"]
[Black "Goryachkina, Aleksandra"]
[Result "1/2-1/2"]
[WhiteElo "2676"]
[BlackElo "2592"]
[Annotator "TA"]
[PlyCount "82"]
[EventDate "2020.11.19"]
[EventType "team-tourn"]
[EventCountry "RUS"]
[SourceTitle "playchess.com"]
[Source "ChessBase"]
[SourceQuality "1"]

{[%evp 11,82,11,17,7,12,10,25,12,14,14,14,7,10,10,10,14,11,15,16,14,18,0,0,-28,-16,-24,-22,-23,-29,-28,1,0,0,0,8,0,0,0,0,0,0,0,0,0,0,0,0,0,0,0,0,0,0,0,0,0,0,-5,-14,-15,0,-27,0,0,0,0,0,0,0,0,0,0,6]} 1. c4 c6 2. Nf3 d5 3. g3 Bg4 4. Bg2 e6 5. d4 Nf6 6. O-O Nbd7 7. h3 {D11: Slav Defence: 3 Nf3 sidelines and 3...Nf6 4 e3 Bg4.} Bh5 8. cxd5 exd5 9. Qb3 {White has an edge.} Qb6 10. Qe3+ Be7 11. Nh4 {[#] Nf5! is the strong threat.} Bg6 12. Nc3 (12. Rd1 {with more complications.} a5 13. Nxg6 hxg6 14. Nc3 Qd8 15. Qd3) 12... Qd8 13. Nxg6 hxg6 14. Qd3 O-O 15. Bf4 {[#]} Nb6 $146 ({Predecessor:} 15... Re8 16. Rad1 Qa5 17. a3 a6 18. Rfe1 Rad8 19. b4 Qb6 20. Na4 Qa7 21. Nc5 a5 {½-½ (38) Svidler,P (2747)-Pelletier,Y (2541) Zuerich 2017}) 16. b3 Re8 17. Na4 Ne4 18. Nxb6 axb6 19. Bxe4 dxe4 20. Qxe4 Bf6 (20... Bd6 $5 {[%cal Re8e4]} 21. Qd3 Bxf4 22. gxf4 Ra5 $15) 21. Be5 Bxe5 22. dxe5 Qg5 23. Qd4 b5 24. Qb6 Re7 25. Rad1 Qxe5 26. Rd2 Qc7 27. Qxc7 Rxc7 $11 {[%mdl 4096] Endgame KRR-KRR} 28. Rfd1 Kf8 29. Kg2 c5 30. Kf3 Ke7 31. Ke4 Ra6 32. f4 b4 33. e3 b5 34. g4 c4 35. Rd5 Rb6 ({Inferior is} 35... Rxa2 36. Re5+ Kf8 37. Rd8#) 36. Rc1 f6 37. Rc2 {The position is equal.} Rb8 38. h4 Kf7 39. Kf3 Ke6 40. Ke4 Kf7 41. Kf3 Ke6 {A rather calm draw.  Weighted Error Value: White=0.04/Black=0.03} 1/2-1/2

[Event "XXVII RUS-chT Premier 2020"]
[Site "Sochi"]
[Date "2020.11.28"]
[Round "9.14"]
[White "Kobalia, Mikhail"]
[Black "Esipenko, Andrey"]
[Result "1/2-1/2"]
[WhiteElo "2590"]
[BlackElo "2683"]
[Annotator "TA"]
[PlyCount "79"]
[EventDate "2020.11.19"]
[EventType "team-tourn"]
[EventCountry "RUS"]
[SourceTitle "playchess.com"]
[Source "ChessBase"]
[SourceQuality "1"]

{[%evp 17,79,0,0,9,6,0,0,0,0,0,0,0,0,0,0,0,0,0,0,0,0,0,0,0,0,0,0,0,0,0,0,0,0,0,0,0,0,0,0,0,0,0,0,0,0,0,0,0,0,0,0,0,0,0,0,0,0,0,0,0,0,0,0,0]} 1. e4 {Krasenkow,M} e5 2. Nf3 Nf6 3. d4 Nxe4 4. Bd3 d5 5. Nxe5 Nd7 6. Nxd7 Bxd7 7. O-O Bd6 8. Nc3 Nxc3 9. bxc3 O-O {[#]The position is equal.} 10. Qh5 $1 {[%csl Gd3][%cal Rh5h7][%mdl 512] C43: Petroff Defence: 3 d4.} f5 11. Re1 {11.Rb1 is vanishing.} c6 12. Bg5 Qc7 13. Re3 g6 14. Qh4 Rae8 15. Rae1 Rxe3 16. Rxe3 {[#]} b5 $146 ({Predecessor:} 16... Re8 17. c4 Rxe3 18. Bxe3 Be8 19. c5 Qe7 20. Bg5 Qe1+ 21. Bf1 Bf8 22. Be3 Qa5 {1-0 (44) Nepomniachtchi,I (2771)-Yu,Y (2761) Astana 2019 CBM 189 [Krasenkow,M]}) 17. Be7 Re8 18. g3 Qb8 19. Kg2 (19. Bxd6 {is interesting.} Qxd6 20. Rxe8+ Bxe8 21. Qg5 Qe6 22. Qd8) 19... Rxe7 20. Rxe7 Bxe7 21. Qxe7 Qe8 22. Qf6 a5 23. h4 Qf8 24. Qe5 a4 25. Kf3 Kf7 26. Qc7 Ke6 27. Qf4 h5 28. Qe5+ Kf7 29. Qc7 Ke6 30. Qf4 Qa3 31. Qh6 Be8 32. Qh8 Kd7 33. Qg7+ Ke6 34. Qh8 Kd7 35. Qg7+ Ke6 36. Qh8 Kd7 37. Qg7+ Ke6 38. Qh8 Kd7 39. Qg7+ Ke6 40. Qh8 {Not much happened in this game.  Weighted Error Value: White=0.00/Black=0.00} 1/2-1/2